Finis les paroles de JUL - Statistiques

Statistiques générales
  • Ce quiz a été pris 9 fois
  • Le résultat moyen est 2 sur 10
Statistiques - réponses
Phrase Réponse % Correct
Gros tu l'ouvre trop____ j'vais t'éjecter
57%
Pendant des années j'ai attendu ma Cendrillon____ elle est mignonne sans maquillage sans crayon
43%
Tu peux en choisir une autre,____ pour moi c'est pas la bonne
43%
Dans l'rétro j'vois des disques d'or____ des disques de platine et de diamant
29%
P'tit o-Oasis tropical,____ moi je fume c'est médical
29%
J'fume un gros pétard____ et l'CRS il serre
14%
Roue arrière, pochon dans l'caleçon,____ je passe les vitesses à l'air t'aimes la sensation
14%
J'ai envie d'rôder l'soir,____ mais dans la vie faut faire des choix
14%
J'suis pas l'boss____ mais j'les crosse
0%
J'suis pas là pour descendre les gens____ ou pour les rabaisser
0%
Aucun quiz correspondant
Distribution des résultats
% des personnes avec chaque résultat
Percentile par nombre de réponses
Votre historique - résultats
Vous n’avez pas pris ce quiz